Schools and styles of anthropological theory
Αποθηκεύτηκε σε:
| Άλλοι συγγραφείς: | |
|---|---|
| Μορφή: | Βιβλίο |
| Γλώσσα: | English |
| Δημοσίευση: |
London; New York :
Routledge,
2018.
|
| Θέματα: | |
| Ετικέτες: |
Προσθήκη ετικέτας
Δεν υπάρχουν, Καταχωρήστε ετικέτα πρώτοι!
|
MARC
| LEADER | 00000cam a2200000 a 4500 | ||
|---|---|---|---|
| 001 | 1/121086 | ||
| 008 | 200311s2018####uk ||||||| |||| ||eng|| | ||
| 020 | |a 9781138229723 | ||
| 040 | |a GR-MyUa |b gre |c GR-MyUa |e AACR2 | ||
| 041 | 0 | |a eng | |
| 082 | 7 | |a 306 |2 (23) | |
| 245 | 0 | 0 | |a Schools and styles of anthropological theory / |c edited by Matei Candea. |
| 260 | |a London; New York : |b Routledge, |c 2018. | ||
| 300 | |a 258 σ. ; |c 25 εκ. | ||
| 650 | 0 | |a Anthropology | |
| 700 | 1 | |a Candea, Matei, |e edt | |
| 852 | |a INST |b LESVOS |e 20200311 |h 306 |p 005100062578 |q 005100062578 |t BK |y 0 | ||
| 920 | |a ΠΜΣ Κοινωνική και Ιστορική Ανθρωπολογία |y Λέσβος |z 2019-11 | ||
| 970 | |a Δημάκη |b Μαρία |z 11-03-2020 | ||